Bioclimatology and Vegetation analysis of Western and North Western Provinces of Zambia (Record no. 35866)

MARC details
000 -LEADER
fixed length control field 00665nam a2200145 a 4500
008 - FIXED-LENGTH DATA ELEMENTS--GENERAL INFORMATION
fixed length control field 221031s2017 ||||||||||||||||| || u
050 ## - LIBRARY OF CONGRESS CALL NUMBER
Classification number CBU - PG THESIS / KAW
245 00 - TITLE STATEMENT
Title Bioclimatology and Vegetation analysis of Western and North Western Provinces of Zambia
Statement of responsibility, etc. By Benson Kawamwilu
260 ## - PUBLICATION, DISTRIBUTION, ETC.
Place of publication, distribution, etc. Copperbelt University
Name of publisher, distributor, etc. Copperbelt University school of graduate studies
Date of publication, distribution, etc. 2017
300 ## - PHYSICAL DESCRIPTION
Extent vii, 37 Pages : illustrations
650 ## - SUBJECT ADDED ENTRY--TOPICAL TERM
Topical term or geographic name entry element VEGETATION ANALYSIS
650 ## - SUBJECT ADDED ENTRY--TOPICAL TERM
Topical term or geographic name entry element BIOCLIMATOLOGY
650 ## - SUBJECT ADDED ENTRY--TOPICAL TERM
Topical term or geographic name entry element MACROCLIMATE ANALYSIS
995 ## - RECOMMENDATION 995 [LOCAL, UNIMARC FRANCE]
-- CBU-MAIN LIBRARY (Kitwe)
-- 1
-- AVAILABLE
-- Nov 3, 2022
-- University Collection
Holdings
Withdrawn status Lost status Source of classification or shelving scheme Damaged status Not for loan Home library Current library Shelving location Date acquired Total Checkouts Full call number Barcode Date last seen Price effective from Koha item type
          CBU-MAIN LIBRARY, KITWE. CBU-MAIN LIBRARY, KITWE.   11/30/2022   CBU - PG THESIS / KAW B5140 11/30/2022 11/30/2022 MONOGRAPH